Movies Quiz

Random Movies or Book Quiz

Movies Based On Quiz Stats

 Plays Quiz Updated Jan 9, 2019

Support Sporcle.
Go Orange.
Score 0/24 Timer 08:00
0 Plays Today
Original Work Movie % Correct
The Sheep-PigBabe
66.3%
Oil!There Will Be Blood
54.2%
Queen Bees & WannabesMean Girls
45.5%
Shoeless JoeField of Dreams
41.7%
The OdysseyO Brother Where Art Thou?
37.8%
Everybody Comes to Rick'sCasablanca
37.1%
Heart of DarknessApocalypse Now
32.2%
Do Androids Dream of Electric Sheep?Blade Runner
31.1%
Wise GuyGoodfellas
26.6%
Q & ASlumdog Millionaire
23.2%
The Wisdom of EveAll About Eve
21.9%
The BodyStand By Me
18.7%
Original Work Movie % Correct
Bringing Down the House21
16.8%
The Orchid ThiefAdaptation.
15.7%
Red AlertDr. Strangelove
8.4%
The Tin StarHigh Noon
6.8%
Rum PunchJackie Brown
6%
It Had to Be MurderRear Window
4.8%
The ExecutionersCape Fear
4.5%
Traumnovelle (Dream Story)Eyes Wide Shut
3.1%
Father of FrankensteinGods and Monsters
2.7%
Nothing Lasts ForeverDie Hard
2.7%
The Short-TimersFull Metal Jacket
2.5%
The HunterPoint Blank or Payback
1.1%

From the Vault

NBA #1 Draft Picks (1980s)

by minshkins

Sports 4m
There are no basket cases here.
Remove Ads.
Support Sporcle.
Get the best of Sporcle when you Go Orange. This ad-free experience offers more features, more stats, and more fun while also helping to support Sporcle. Thank you for becoming a member.

Show Comments

Extras

Top Quizzes Today


Score Distribution

Your Account Isn't Verified!

In order to create a playlist on Sporcle, you need to verify the email address you used during registration. Go to your Sporcle Settings to finish the process.

Report this User

Report this user for behavior that violates our Community Guidelines.

Details: